[Event "Heart of Finland"]
[Site "Jyvaskyla FIN"]
[Date "2008.07.13"]
[Round "4"]
[White "Alho,S"]
[Black "Kulaots,K"]
[Result "0-1"]
[WhiteElo "2141"]
[BlackElo "2531"]

1.e4 c5 2.Nf3 d6 3.Bb5+ Nc6 4.O-O Bd7 5.c3 Nf6 6.Re1 a6 7.Ba4 e5 8.d4 b5
9.Bc2 Be7 10.dxc5 dxc5 11.Nbd2 Be6 12.h3 O-O 13.Ng5 h6 14.Nxe6 fxe6 15.a4 Qe8
16.axb5 axb5 17.Rxa8 Qxa8 18.Qe2 c4 19.b3 Qa2 20.Bb1 Qa1 21.bxc4 b4 22.cxb4 Bxb4
23.c5 Nd4 24.Qc4 Qa5 25.Rd1 Qa4 26.Rf1 Rc8 27.Qd3 Nd7 28.Nf3 Nxc5 29.Qe3 Qa1
30.Bd2 Nxf3+ 31.gxf3 Bxd2 32.Qxd2 Qa3 33.Qe3 Ra8 34.Qxa3 Rxa3 35.Kg2 Nd7
36.Rd1 Nf6 37.Bd3 Nh5 38.Bc4 Nf4+ 39.Kg3 Rc3 40.Bb5 Kf7 41.h4 Rc8 42.Ba6 Rg8
43.Bf1 Kf6 44.Rb1 g5 45.hxg5+ Rxg5+ 46.Kh2 Rg8 47.Ra1 h5 48.Rb1 Rc8 49.Bh3 Rc3
50.Bg2 Rc2 51.Rf1 Kg5 52.Bh3 Kh4 53.Bg2 Rd2 54.Kg1 Kg5 55.Kh2 Kf6 56.Bh3 Ke7
57.Kg3 Rd8 58.Ra1 h4+ 59.Kh2 Rd2 60.Rf1 Kd6 61.Bg4 Kc5 62.Kg1 Kd4 63.Ra1 Kd3
64.Re1 Kc2 65.Re3 Rd1+ 66.Kh2 Rf1 67.Ra3 Rxf2+ 68.Kh1 Kd2 69.Ra2+ Ke3 70.Ra3+ Ke2
71.Ra2+ Ke3 72.Ra3+ Nd3 73.Kg1 Rd2 74.Bxe6 Kxf3 75.Bf5 Kg3 76.Kf1 h3 77.Bxh3 Kxh3
78.Ra8 Kg3  0-1

[Event "FSIM July"]
[Site "Budapest HUN"]
[Date "2008.07.14"]
[Round "10"]
[White "Vegh,E"]
[Black "Szalanczy,E"]
[Result "1-0"]
[WhiteElo "2298"]
[BlackElo "2388"]

1.e4 c5 2.Nf3 d6 3.Bb5+ Nd7 4.d4 Nf6 5.Nc3 cxd4 6.Qxd4 e5 7.Qd3 h6 8.Be3 Be7
9.Bc4 O-O 10.O-O Nb8 11.Nd5 Nxd5 12.Bxd5 Nd7 13.Bb3 Nf6 14.Rad1 Bg4 15.Bc1 Qc7
16.h3 Bh5 17.Rfe1 Nh7 18.g4 Bg6 19.Nh2 Kh8 20.Nf1 Bg5 21.Bxg5 Nxg5 22.h4 Ne6
23.Qxd6 Qxd6 24.Rxd6 Nd4 25.Kg2 Rad8 26.Rxd8 Rxd8 27.h5 Bh7 28.c3 Nxb3 29.axb3 a5
30.f3 f6 31.Re2 Rd1 32.Rd2 Rb1 33.Ne3 Bg8 34.c4 Be6 35.Nd5 Kg8 36.Nc3 Rc1
37.Na4 Kf7 38.Nc5 b6 39.Na4 b5 40.cxb5 Rc8 41.b6 Rb8 42.Rd3 Ke7 43.Kf2 Bd7
44.Nc3 Be6 45.Na4 Bd7 46.Rc3 Kd6 47.Ke3 Bxa4 48.bxa4 Rxb6 49.b3 Rb7 50.Kd2 g6
51.hxg6 Rg7 52.Rd3+ Kc6 53.Rd5 Rxg6 54.Rxa5 h5 55.gxh5 Rh6 56.Ra6+ Kd7 57.Ke3 Ke7
58.b4 Rxh5 59.a5 Rh1 60.Rb6 Ra1 61.a6 Ra3+ 62.Kf2 Ra2+ 63.Kg3 Kf7 64.b5 Kg6
65.Rb7 f5 66.exf5+ Kxf5 67.a7 Ra3 68.b6 e4 69.Rf7+  1-0

[Event "Kings Gambit B"]
[Site "Lipetsk RUS"]
[Date "2008.07.14"]
[Round "6"]
[White "Nikitin,Y2"]
[Black "Morev,I"]
[Result "1-0"]
[WhiteElo "2264"]
[BlackElo "2219"]

1.e4 c5 2.Nf3 d6 3.Bb5+ Bd7 4.Bxd7+ Qxd7 5.O-O Nf6 6.Re1 e6 7.c3 Be7 8.d4 cxd4
9.cxd4 d5 10.Ne5 Qd8 11.Qa4+ Nbd7 12.exd5 Nxd5 13.Nc3 Nb6 14.Qb5 a6 15.Qb3 Nf6
16.a4 O-O 17.a5 Nbd5 18.Qxb7 Bb4 19.Bd2 Qd6 20.Nxd5 Nxd5 21.Nxf7 Qb8 22.Qxb8 Rfxb8
23.Bxb4 Nxb4 24.Nh6+ gxh6 25.Rxe6 Nc2 26.Ra4 Rxb2 27.h3 Rb5 28.Rc6 Nb4 29.Rxh6 Rd8
30.Kh2 Kg7 31.Rb6 Rb8 32.Rd6 Rf5 33.f3 Rf6 34.Rd7+ Kg6 35.Kg3 Rb5 36.Ra3 h6
37.h4 Kf5 38.Kf2 Ke6 39.Rd8 Ke7 40.Ra8 Kd7 41.g4 Rd6 42.Rh8 Rbd5 43.Rc3 Rf6
44.Rh7+ Kd6 45.Rb7 Nc6 46.Rxc6+  1-0

[Event "Summer Cup"]
[Site "Porto Carras GRE"]
[Date "2008.07.14"]
[Round "4"]
[White "Zubarev,Al1"]
[Black "Pavlidis,Ana"]
[Result "1-0"]
[WhiteElo "2517"]
[BlackElo "2270"]

1.e4 c5 2.Nf3 d6 3.Bb5+ Bd7 4.Bxd7+ Qxd7 5.c4 Nc6 6.Nc3 g6 7.d4 cxd4 8.Nxd4 Bg7
9.Be3 Nf6 10.h3 O-O 11.O-O Rac8 12.b3 a6 13.a4 Qc7 14.Rb1 Rfd8 15.Nde2 e6
16.Qd2 Ne7 17.Rbc1 b6 18.Bg5 Kh8 19.Qf4 Neg8 20.Qf3 h6 21.Be3 Ne8 22.Qg3 Kh7
23.f4 f5 24.Qf2 Rb8 25.exf5 gxf5 26.g4 fxg4 27.f5 Qf7 28.fxe6 Qxf2+ 29.Bxf2 Nc7
30.Nd5 Nxe6 31.hxg4 Nc5 32.Rb1 Rd7 33.Bh4 Ne4 34.Rbd1 Be5 35.Kg2 b5 36.cxb5 axb5
37.a5 b4 38.Nd4 Nc3 39.Nxc3 bxc3 40.Nc6 Re8 41.b4 d5 42.Rfe1 Bf6 43.Rxe8 Bxh4
44.a6 Bg5 45.Nd4 Rc7 46.Ne6 c2 47.Nxg5+ hxg5 48.Rc1 Ne7 49.Rxe7+ Rxe7 50.Rxc2 Re4
51.a7 Re8 52.b5  1-0

[Event "2nd LCT"]
[Site "Leiden NED"]
[Date "2008.07.15"]
[Round "5"]
[White "Gorter,Y"]
[Black "Van Opheusden,B"]
[Result "1-0"]
[WhiteElo "2081"]
[BlackElo "2172"]

1.e4 c5 2.Nf3 d6 3.Bb5+ Bd7 4.Bxd7+ Nxd7 5.O-O g6 6.c3 Ngf6 7.Qe2 Bg7 8.d4 e6
9.Bf4 d5 10.e5 Ng8 11.dxc5 Qc7 12.b4 Ne7 13.Nbd2 O-O 14.Rfe1 h6 15.Nd4 g5
16.Bg3 Ng6 17.N2f3 g4 18.Nd2 h5 19.f4 h4 20.Bf2 Nxf4 21.Qxg4 Nd3 22.Bxh4 N3xe5
23.Qg3 Qc8 24.Be7 Re8 25.Bd6 Ng6 26.Nxe6 Rxe6 27.Rxe6 fxe6 28.Qxg6 Qe8 29.Qg3 b6
30.c6 Nf6 31.Be5 Nh5 32.Qg5 Kh7 33.Nf3 Bxe5 34.Nxe5 Ng7 35.Rf1 Nf5 36.Rf3 Qf8
37.Qg6+  1-0

[Event "8th Open"]
[Site "Saint-Chely d'Aubrac FRA"]
[Date "2008.07.15"]
[Round "4"]
[White "Messinger,K"]
[Black "Muheim,Sebastien"]
[Result "0-1"]
[WhiteElo "1703"]
[BlackElo "2013"]

1.e4 c5 2.Nf3 d6 3.Bb5+ Nd7 4.c3 Nf6 5.Qe2 e6 6.O-O a6 7.Ba4 b5 8.Bc2 Bb7
9.Rd1 Be7 10.d3 O-O 11.Nbd2 Re8 12.Nf1 Nf8 13.Ng3 Ng6 14.h3 Qc7 15.d4 Rec8
16.Bd3 c4 17.Bc2 Nd7 18.Bg5 Bf8 19.Rac1 Re8 20.Re1 a5 21.a3 Nb6 22.Ra1 d5
23.e5 b4 24.axb4 axb4 25.Bxg6 hxg6 26.Reb1 Bc6 27.Qd2 b3 28.Nh2 Be7 29.Bxe7 Qxe7
30.Ng4 Nd7 31.Qf4 Reb8 32.Qc1 Nf8 33.Rxa8 Rxa8 34.Ra1 Ra7 35.Rxa7 Qxa7 36.Nh2 Nd7
37.Nhf1 f6 38.f4 fxe5 39.fxe5 Nxe5 40.Qg5 Nd3 41.Qxg6 Qf7 42.Qxf7+ Kxf7 43.Nd2 Nxb2
44.Nb1 Kf6 45.Kf2 Be8 46.Ke1 Bg6 47.Na3 Nd3+ 48.Kd2 Nf4 49.Kc1 Nxg2 50.Kb2 Nf4
51.h4 Nd3+ 52.Ka1 e5 53.h5 Bh7 54.dxe5+ Kxe5 55.Nb1 Kf4 56.Ne2+ Kg4 57.Nd4 Kxh5
58.Ne6 g5 59.Nc7 Be4  0-1

[Event "I Open"]
[Site "Sabadell ESP"]
[Date "2008.07.16"]
[Round "4"]
[White "Morros Faura,R"]
[Black "Kovchan,A"]
[Result "0-1"]
[WhiteElo "2177"]
[BlackElo "2520"]

1.e4 c5 2.Nf3 d6 3.Bb5+ Nc6 4.O-O Bd7 5.Re1 Nf6 6.h3 Ne5 7.a4 a6 8.Bxd7+ Nexd7
9.d3 e6 10.Bf4 Be7 11.Nc3 O-O 12.Nd2 Re8 13.g4 Nb8 14.g5 Nfd7 15.h4 Nf8 16.Bg3 Nc6
17.f4 d5 18.e5 c4 19.Bf2 cxd3 20.cxd3 Bb4 21.Na2 Ng6 22.Nxb4 Nxb4 23.Qb3 a5
24.Bg3 Qb6+ 25.Kg2 Qd4 26.Rf1 Nxd3 27.f5 Ndf4+ 28.Bxf4 Nxf4+ 29.Rxf4 Qxf4
30.Nf3 Qxf5 31.Rc1 Rac8 32.Rxc8 Rxc8 33.Kg3 Rc4 34.Qxb7 Qf4+  0-1

[Event "I Open"]
[Site "Sabadell ESP"]
[Date "2008.07.17"]
[Round "5"]
[White "Kovchan,A"]
[Black "Movsziszian,K"]
[Result "1/2-1/2"]
[WhiteElo "2520"]
[BlackElo "2560"]

1.e4 c5 2.Nf3 d6 3.Bb5+ Bd7 4.Bxd7+ Qxd7 5.O-O Nf6 6.d3 g6 7.b3 Bg7 8.Bb2 Nc6
9.Nbd2 O-O 10.Nc4 b5 11.Ne3 e5  1/2-1/2

[Event "ch-SUI"]
[Site "Samnaun SUI"]
[Date "2008.07.17"]
[Round "8"]
[White "Ekstroem,R"]
[Black "Jenni,F"]
[Result "1/2-1/2"]
[WhiteElo "2469"]
[BlackElo "2544"]

1.e4 c5 2.Nf3 d6 3.Bb5+ Nd7 4.O-O a6 5.Bxd7+ Bxd7 6.Re1 e6 7.d4 cxd4 8.Qxd4 Nf6
9.Bg5 h6 10.Bh4 g5 11.Bg3 e5 12.Qd3 Rc8 13.Nc3 Be7 14.Nd2 b5 15.a3 Qb6 16.Nf1 Be6
17.Ne3 Qb7 18.f3 Kf8 19.Rad1 Kg7 20.Bf2 Rc7 21.Rc1 Rhc8 22.Red1 Rxc3 23.bxc3 Qc6
24.Be1 Nd7 25.Nd5 Bxd5 26.Qxd5 Qxd5 27.Rxd5 Nb6 28.Rd3 Kf6 29.h4 Ke6 30.hxg5 hxg5
31.Rcd1 Rc4 32.Ra1 Ra4 33.Bd2 Nc4 34.Bc1 Bd8 35.Kf1 f6 36.Ke2 Bb6 37.Rd1 Bc5
38.Rh1 d5 39.Rh6 dxe4 40.Bxg5 exf3+ 41.gxf3 Be7 42.Bc1 Nb6 43.Rh8 Rc4 44.Bd2 Ra4
45.Rb8 Nc4 46.Bc1 f5 47.Re8 f4 48.Rb1 Kd7 49.Ra8 Bc5 50.Ra1 Bd6 51.Rh8 Kc6
52.Rh5 a5 53.Kd3 Nb6 54.Rb1 Nd7 55.Rh6 e4+ 56.fxe4 Ne5+ 57.Ke2 Rxe4+ 58.Kf2 Nc4
59.a4 bxa4 60.Ra1 Kd5 61.Rxa4 Bc5+ 62.Kf1 Nd2+ 63.Bxd2 Rxa4 64.Ke2 Bd6 65.Kd3 Be5
66.c4+ Rxc4 67.Bxa5 f3 68.Rh1 Ra4 69.Be1 Re4 70.Rf1 Rd4+ 71.Ke3 Re4+ 72.Kxf3 Rf4+
73.Ke2 Rxf1 74.Kxf1  1/2-1/2

[Event "Ch-AY Boys U16"]
[Site "Tehran IRI"]
[Date "2008.07.17"]
[Round "2"]
[White "Priyadharshan,K"]
[Black "Salem,AR"]
[Result "0-1"]
[WhiteElo "2297"]
[BlackElo "2443"]

1.e4 c5 2.Nf3 d6 3.Bb5+ Nd7 4.O-O Nf6 5.Re1 a6 6.Bxd7+ Bxd7 7.d4 cxd4 8.Qxd4 e5
9.Qd3 h6 10.c4 b5 11.Na3 Qb6 12.Bd2 Be7 13.Rad1 Bc6 14.cxb5 axb5 15.Bb4 Qb7
16.Nd2 O-O 17.Nb3 Nxe4 18.Na5 Rxa5 19.Bxa5 Ng5 20.Qg3 f5 21.h4 Ne4 22.Qb3+ Kh8
23.Rc1 Bxh4 24.g3 Bd8 25.Rxe4 fxe4 26.Qc2 Bxa5 27.Qxc6 Qf7 28.Rc2 Be1 29.Qxe4 Bxf2+
30.Kg2 Bc5 31.Qd3 e4 32.Qxb5 Qf3+ 33.Kh2 Rf5  0-1

[Event "Ch-AY Boys U18"]
[Site "Tehran IRI"]
[Date "2008.07.17"]
[Round "3"]
[White "Toufighi,H"]
[Black "Tologontegin,S"]
[Result "1-0"]
[WhiteElo "2425"]
[BlackElo "2374"]

1.e4 c5 2.Nf3 d6 3.Bb5+ Bd7 4.Bxd7+ Qxd7 5.O-O Nf6 6.Re1 Nc6 7.c3 e6 8.d4 cxd4
9.cxd4 d5 10.e5 Ne4 11.a3 Be7 12.Qd3 O-O 13.Nbd2 Nxd2 14.Bxd2 Rfc8 15.h4 a6
16.h5 Qd8 17.g4 Nb8 18.g5 Nd7 19.g6 fxg6 20.hxg6 h6 21.Kh1 Qb6 22.Bxh6 gxh6
23.g7 Bg5 24.Rg1 Qd8 25.Nxg5 hxg5 26.Qg6 Qe8 27.Qh6 Kf7 28.Rxg5 Qg8 29.f4 Ke7
30.Rg6 Rc6 31.Qh4+ Kf7 32.Qh5 Rac8 33.Rag1 Ke7 34.Qg5+ Kf7 35.Rf6+ Nxf6 36.Qg6+ Ke7
37.exf6+  1-0

[Event "Ch-AY Boys U16"]
[Site "Tehran IRI"]
[Date "2008.07.17"]
[Round "3"]
[White "Karayev,A"]
[Black "Azemati,A"]
[Result "1-0"]
[WhiteElo "2261"]
[BlackElo "2088"]

1.e4 c5 2.Nf3 d6 3.Bb5+ Bd7 4.Bxd7+ Qxd7 5.O-O Nc6 6.c3 Nf6 7.Re1 e6 8.d4 cxd4
9.cxd4 d5 10.e5 Ne4 11.Ng5 Nxg5 12.Bxg5 Qc7 13.Be3 Qb6 14.Re2 Be7 15.Nc3 O-O
16.Na4 Qb5 17.Rc1 Rfc8 18.Nc3 Qb6 19.f4 f5 20.g4 Rf8 21.Rg2 Na5 22.gxf5 Rxf5
23.Qg4 Bf8 24.Nxd5 exd5 25.Qxf5 Nc4 26.e6 Nxe3 27.Qf7+ Kh8 28.e7 Qf6 29.Qxf6 gxf6
30.exf8=Q+ Rxf8 31.Re2 Nc4 32.Re7  1-0

[Event "19th Czech Jihlavanka B Open"]
[Site "Pardubice CZE"]
[Date "2008.07.18"]
[Round "1"]
[White "Feco,J"]
[Black "Lammens,Tim"]
[Result "1/2-1/2"]
[WhiteElo "2034"]
[BlackElo "2350"]

1.e4 c5 2.Nf3 d6 3.Bb5+ Bd7 4.Bxd7+ Nxd7 5.O-O Ngf6 6.d3 g6 7.c3 Bg7 8.Be3 O-O
9.h3 c4 10.Na3 cxd3 11.Qxd3 a6 12.Nc4 Qc7 13.Ncd2 Nc5 14.Qc2 b5 15.Rac1 Rac8
16.Rfe1 Qb7 17.Bd4 Ne6 18.Be3 d5 19.exd5 Nxd5 20.Qe4 Nc5 21.Bxc5 Rxc5 22.Rcd1 e6
23.Nb3 Rc4 24.Nfd4 Qa8 25.Qf3 Qd8 26.Nd2 Rc8 27.Ne4 Qb6 28.Qg3 b4 29.Ne2 bxc3
30.bxc3 Qa5 31.Rc1 Rc6 32.Red1 Rfc8 33.c4 Ne7 34.Nd6 Nf5 35.Nxf5 Qxf5 36.Nd4 Bxd4
37.Rxd4 Qa5 38.Qb3 Rb6 39.Qd3 Qc5 40.Rd8+ Rxd8 41.Qxd8+ Kg7 42.Qd3 e5 43.Qe2 h5
44.Rd1 Re6 45.Rd5 Qc7  1/2-1/2

[Event "19th Czech Chladek & Tintera A Open"]
[Site "Pardubice CZE"]
[Date "2008.07.18"]
[Round "1"]
[White "Jirasek,P"]
[Black "Brkic,A"]
[Result "0-1"]
[WhiteElo "2291"]
[BlackElo "2530"]

1.e4 c5 2.Nf3 d6 3.Bb5+ Nc6 4.O-O Bd7 5.Re1 Nf6 6.c3 a6 7.Bf1 Bg4 8.h3 Bh5
9.d3 e6 10.g4 Bg6 11.Nh4 Nd7 12.Nxg6 hxg6 13.Nd2 Be7 14.Nf3 Nde5 15.Nxe5 dxe5
16.Be3 O-O 17.a3 Rc8 18.b4 cxb4 19.axb4 Bg5 20.Qb3 Bxe3 21.fxe3 Qh4 22.Qa2 Ne7
23.c4 f5 24.c5 f4 25.d4 fxe3 26.Qxe6+ Kh8 27.Qxe5 Nc6 28.Qh2 Nxd4 29.Rxe3 Nf3+
30.Rxf3 Rxf3 31.Rb1 Rcf8 32.Bg2 Rb3 33.Rd1 Rf2 34.Kh1 Rxg2  0-1

[Event "8th Open"]
[Site "Saint-Chely d'Aubrac FRA"]
[Date "2008.07.18"]
[Round "8"]
[White "Baeumlin,F"]
[Black "Mourgues,Jo"]
[Result "1-0"]
[WhiteElo "1995"]
[BlackElo "1767"]

1.e4 c5 2.Nf3 d6 3.Bb5+ Nc6 4.Bxc6+ bxc6 5.O-O Nf6 6.e5 Nd5 7.Re1 e6 8.d3 Be7
9.Nbd2 O-O 10.exd6 Bxd6 11.Ne4 Be7 12.a3 f6 13.c4 Nc7 14.Be3 Na6 15.d4 cxd4
16.Nxd4 Qe8 17.Qa4 c5 18.Qxe8 Rxe8 19.Nb5 Bd7 20.Rad1 Bc6 21.Ned6 Red8 22.Bc1 Bxb5
23.Nxb5 e5 24.Rxd8+ Bxd8 25.Rd1 Nc7 26.Nxa7 Ne6 27.Nc6 Bc7 28.Rd7 Kf8 29.Be3 Rc8
30.Na7 Rd8 31.Rxd8+ Bxd8 32.Nc6 Bc7 33.b4 cxb4 34.axb4 Ke8 35.b5 Kd7 36.Nb4 Nd4
37.Kf1 Kd6 38.Na6 Bb6 39.Bd2 Nc2 40.Ke2 e4 41.Bf4+ Kd7 42.c5 Bd8 43.c6+ Kc8
44.Be3 Nxe3 45.Kxe3 Bb6+ 46.Kxe4 Bxf2 47.Nb4 Bc5 48.Nd5 Kb8 49.Kf5 Kc8 50.Ke6 f5
51.Kxf5 Bd4 52.b6 Bxb6 53.Nxb6+ Kc7 54.Nd7 Kxc6 55.Nf8 g6+ 56.Kg5 Kd5 57.Nxh7 Ke4
58.h4  1-0

[Event "8th Open"]
[Site "Saint-Chely d'Aubrac FRA"]
[Date "2008.07.19"]
[Round "9"]
[White "Rabier,J"]
[Black "Muheim,Sebastien"]
[Result "0-1"]
[WhiteElo "1914"]
[BlackElo "2013"]

1.e4 c5 2.Nf3 d6 3.Bb5+ Nd7 4.c3 Nf6 5.d3 e6 6.O-O Be7 7.Re1 O-O 8.d4 Qc7
9.h3 a6 10.Bd3 b5 11.Be3 Bb7 12.Nbd2 Rfd8 13.Rc1 Nf8 14.Bb1 c4 15.Qc2 e5
16.Nh2 Ne6 17.f3 Nh5 18.Ndf1 Bg5 19.Qf2 Bxe3 20.Qxe3 Nhf4 21.Rcd1 Qe7 22.Qf2 h5
23.Ne3 g6 24.Kh1 Qf6 25.d5 Nc5 26.Rg1 Nfd3 27.Bxd3 Nxd3 28.Qc2 Bc8 29.b3 Qf4
30.bxc4 bxc4 31.Nxc4 Nc5 32.Rb1 a5 33.Nb6 Rb8 34.Nxc8 Rdxc8 35.Rxb8 Rxb8
36.Rb1 Rxb1+ 37.Qxb1 Qd2 38.Nf1 Qe2 39.Ng3 Qf2 40.Qb8+ Kg7 41.Qxd6 Nd3 42.Kh2 h4  0-1

[Event "Ch-AY Boys U18"]
[Site "Tehran IRI"]
[Date "2008.07.19"]
[Round "5"]
[White "Toufighi,H"]
[Black "Saravana,Kr"]
[Result "1-0"]
[WhiteElo "2425"]
[BlackElo "2256"]

1.e4 c5 2.Nf3 d6 3.Bb5+ Nd7 4.O-O a6 5.Bxd7+ Bxd7 6.c3 e6 7.d4 Nf6 8.Re1 Be7
9.Bg5 h6 10.Bxf6 Bxf6 11.Nbd2 cxd4 12.cxd4 Be7 13.Nc4 O-O 14.Qd2 Rc8 15.Rac1 d5
16.exd5 exd5 17.Ne3 Rxc1 18.Rxc1 Bd6 19.Ne5 Be6 20.b3 Qg5 21.Nf3 Qf4 22.Re1 Rc8
23.Qa5 Bc7 24.Qb4 b5 25.Qc5 Qd6 26.Kf1 Qd8 27.Qa3 a5 28.Rc1 b4 29.Qb2 f5
30.Qe2 f4 31.Nc4 Bg4 32.Ncd2 Bd6 33.Rxc8 Bxc8 34.Qb5 Be6 35.Qc6 Qd7 36.Qa8+ Kh7
37.Qxa5 Qc6 38.Ke2 Bc8 39.Kd1 Bf5 40.Ne1 Bg6 41.Qa4 Qc3 42.Qd7 Bb8 43.Qxd5 Ba7
44.h4 Qxd4 45.Qxd4 Bxd4 46.Ke2 Bh5+ 47.f3 Bg6 48.Nd3  1-0

[Event "Ch-AY Boys U16"]
[Site "Tehran IRI"]
[Date "2008.07.19"]
[Round "6"]
[White "Priyadharshan,K"]
[Black "Kottahachchy,K"]
[Result "1/2-1/2"]
[WhiteElo "2297"]
[BlackElo "1967"]

1.Nf3 d6 2.e4 c5 3.Bb5+ Bd7 4.Bxd7+ Qxd7 5.O-O Nc6 6.c3 Nf6 7.Re1 e6 8.d4 cxd4
9.cxd4 d5 10.e5 Ne4 11.Nbd2 Nxd2 12.Bxd2 Be7 13.Rc1 O-O 14.Rc3 Na5 15.b3 Nc6
16.h4 Rac8 17.Qe2 Nb4 18.Ra1 a6 19.Be1 Rxc3 20.Bxc3 Rc8 21.Qd2 Nc6 22.Bb2 Rc7
23.Rc1  1/2-1/2

[Event "XXVI Andorra Open"]
[Site "La Massana AND"]
[Date "2008.07.20"]
[Round "2"]
[White "Edouard,R"]
[Black "Van Nies,P"]
[Result "1-0"]
[WhiteElo "2508"]
[BlackElo "2158"]

1.e4 c5 2.Nf3 d6 3.Bb5+ Nd7 4.d4 cxd4 5.Qxd4 Nf6 6.Bg5 a6 7.Bxd7+ Nxd7 8.Nc3 h6
9.Bh4 Qb6 10.Nd5 Qxd4 11.Nxd4 Rb8 12.O-O-O g5 13.Bg3 Nc5 14.e5 Be6 15.exd6 Bxd5
16.dxe7 Rc8 17.exf8=Q+ Kxf8 18.Nf5 Bxg2 19.Bd6+ Kg8 20.Rhg1 Bf3 21.Ne7+ Kh7
22.Nxc8 Rxc8 23.Rd2 Ne4 24.Rd3 g4 25.Bg3 b5 26.Re1 f5 27.Rd7+ Kg6 28.Re3 Rf8
29.Bf4 Rf6 30.Be5 Re6 31.Rg7+ Kh5 32.Bg3 Rf6 33.h3 Ng5 34.hxg4+ Kxg4 35.Bc7 f4
36.Re1 Bg2 37.Bd8 Rf5 38.Re6 Rd5 39.Bc7 Rd7 40.Reg6 Rxg7 41.Rxg7 Kf3 42.Rg6 Nh3
43.Rxh6 Kxf2 44.Rxa6 f3 45.Rb6 Bf1 46.b3 Be2 47.a4 bxa4 48.bxa4 Ke1 49.a5 f2
50.Bg3 Bc4 51.Rc6 Nf4 52.Bxf2+  1-0

[Event "2nd LCT"]
[Site "Leiden NED"]
[Date "2008.07.20"]
[Round "9"]
[White "Sandipan,C"]
[Black "Golubev,M"]
[Result "1/2-1/2"]
[WhiteElo "2588"]
[BlackElo "2480"]

1.e4 c5 2.Nf3 d6 3.Bb5+ Bd7 4.Bxd7+ Qxd7 5.c4 g6 6.Nc3 Bg7 7.d4 cxd4 8.Nxd4 Nf6
9.f3 O-O 10.Be3 Nc6 11.Rc1 Rac8 12.b3 a6 13.Nxc6 bxc6 14.O-O Qc7 15.Qe2 Nd7
16.Na4 c5 17.Qd2 Ne5 18.Nc3 e6 19.Bh6 Bxh6 20.Qxh6 Qe7 21.Qd2 Nc6 22.f4 f5
23.Rfe1 Nd4 24.Ne2 Nxe2+ 25.Rxe2 fxe4 26.Rxe4 Rf6 27.Rce1 Qd7 28.Qe2 Re8
29.Qd2 Qc6 30.g3 Kf7 31.R4e3 h5 32.Rd3 Rd8 33.Qe2 Re8 34.Qd2 Rd8 35.Rd1 Ke7
36.Qa5 Rd7 37.a3 h4 38.Qd2 Rd8 39.gxh4 Rf5 40.Qe3 Kf7 41.R3d2 Qc7 42.Rg2 Qe7
43.Rg5 Qf6 44.Kh1 Rxf4 45.Rdg1 Rxh4 46.R5g2 Rh5 47.Qe4 Rdh8 48.Qb7+ Ke8 49.Qc6+ Ke7
50.Qb7+ Ke8 51.Qc6+ Ke7 52.Qb7+  1/2-1/2

[Event "Canadian Open"]
[Site "Montreal CAN"]
[Date "2008.07.20"]
[Round "2"]
[White "Barbeau,S"]
[Black "Henry,Lia"]
[Result "1/2-1/2"]
[WhiteElo "2367"]
[BlackElo "2211"]

1.e4 c5 2.Nf3 d6 3.Bb5+ Bd7 4.Bxd7+ Qxd7 5.O-O Nf6 6.e5 dxe5 7.Nxe5 Qc8 8.Na3 Nc6
9.Nac4 e6 10.a4 Be7 11.b3 O-O 12.Bb2 Nxe5 13.Bxe5 Nd7 14.Bc3 Bf6 15.Qf3 Bxc3
16.Qxc3 Qc7 17.Rae1 Nb6 18.Ne5 Nd7 19.Nc4 Nb6 20.Ne5 Nd7  1/2-1/2

[Event "19th Czech Chladek & Tintera A Open"]
[Site "Pardubice CZE"]
[Date "2008.07.20"]
[Round "3"]
[White "Cvek,R"]
[Black "Ozolin,M"]
[Result "1-0"]
[WhiteElo "2532"]
[BlackElo "2367"]

1.e4 c5 2.Nf3 d6 3.Bb5+ Nc6 4.O-O Bd7 5.c3 Nf6 6.Re1 a6 7.Ba4 b5 8.Bc2 Bg4
9.d3 e6 10.Nbd2 Be7 11.h3 Bh5 12.Nf1 h6 13.Ng3 Bg6 14.d4 cxd4 15.cxd4 d5
16.e5 Bxc2 17.Qxc2 Nb4 18.Qb3 Nd7 19.Bd2 Nc6 20.Nh5 Kf8 21.Rec1 Rc8 22.a4 Qb6
23.axb5 axb5 24.Bb4 Bxb4 25.Qxb4+ Kg8 26.Qd6 Ndb8 27.Qa3 g6 28.Nf6+ Kg7 29.Qe3 Ne7
30.Qf4 Rxc1+ 31.Rxc1 Qa7 32.h4 Rf8 33.h5 Nd7 34.g4 Qb7 35.Kg2 Rc8 36.Rh1 Rh8
37.Nxd7 Qxd7 38.Qf6+ Kg8 39.g5 Rh7 40.hxg6 fxg6 41.gxh6 Rf7 42.h7+ Rxh7 43.Rxh7 Kxh7
44.Ng5+ Kh6 45.Nf7+  1-0

[Event "19th Czech Chladek & Tintera A Open"]
[Site "Pardubice CZE"]
[Date "2008.07.20"]
[Round "3"]
[White "Velicka,P"]
[Black "Pena Gomez,M"]
[Result "1/2-1/2"]
[WhiteElo "2492"]
[BlackElo "2352"]

1.e4 c5 2.Nf3 d6 3.Bb5+ Bd7 4.Bxd7+ Qxd7 5.c4 Nf6 6.Nc3 g6 7.d4 cxd4 8.Nxd4 Bg7
9.f3 O-O 10.Be3 Nc6 11.O-O a6 12.Rc1 Rfc8 13.Na4 Qd8 14.Nxc6 Rxc6 15.Qb3 Nd7
16.Qxb7 Ne5 17.b3 Rb8 18.Qa7 Ra8 19.Qb7 Rb8 20.Qa7 Ra8  1/2-1/2

[Event "17th ch-MKD"]
[Site "Struga MKD"]
[Date "2008.07.20"]
[Round "7"]
[White "Organdziev,O"]
[Black "Ilic,Ljubo"]
[Result "1/2-1/2"]
[WhiteElo "2274"]
[BlackElo "2299"]

1.e4 c5 2.Nf3 d6 3.Bb5+ Nd7 4.c3 a6 5.Ba4 b5 6.Bc2 Ngf6 7.O-O Bb7 8.Re1 e6
9.d3 Be7 10.Nbd2 O-O 11.Nf1 Rc8 12.Ng3 Ne5 13.h3 Nxf3+ 14.Qxf3 Nd7 15.Qe2 g6
16.Bh6 Re8 17.Qd2 Bf6 18.a4 b4 19.a5 bxc3 20.bxc3 Bc6 21.Nf1 Rb8 22.Ra2 Qc7
23.Ne3 Rb7 24.Nd5 Bxd5 25.exd5 e5 26.f4 Rbb8 27.Ba4 exf4 28.Rxe8+ Rxe8 29.Bxf4 Be5
30.Bh6 Bg3 31.Be3 Re5 32.d4 cxd4 33.cxd4 Rxd5 34.Bc2 Rb5 35.Bd3 Rb3 36.Bxa6 Nf6
37.Bd3 Nd5 38.a6 Qa7 39.Ra5 Nb4 40.Bf1 Nc2 41.Bf2 Bxf2+ 42.Qxf2 Ne3 43.Qa2 Rc3
44.Qd2 Qc7 45.Ra1 Nxf1 46.Qe1 Re3 47.Qxf1 Qa7 48.Ra4 Re4 49.Qa1 d5 50.Qc3 Kg7
51.Kh2 h5 52.Ra2 h4 53.Qc1 Qxd4 54.Qb1  1/2-1/2

[Event "Ch-AY Boys U16"]
[Site "Tehran IRI"]
[Date "2008.07.20"]
[Round "7"]
[White "Amanbaev,Islo"]
[Black "Kavinda,A"]
[Result "1-0"]
[WhiteElo "2083"]
[BlackElo "2029"]

1.e4 c5 2.Nf3 d6 3.Bb5+ Bd7 4.Bxd7+ Qxd7 5.c4 Nf6 6.Nc3 g6 7.d4 cxd4 8.Nxd4 Bg7
9.f3 Nc6 10.Be3 O-O 11.O-O Rac8 12.b3 b6 13.Qd2 Rfd8 14.Rfe1 Nxd4 15.Bxd4 Ne8
16.Rad1 e5 17.Bf2 Nc7 18.a4 Ne6 19.Nb5 Rc6 20.Ra1 a6 21.Nc3 Rb8 22.Red1 f6
23.Nd5 Kf7 24.Be3 Rb7 25.Nb4 Rbc7 26.Nxa6 Rb7 27.Nb4 Rc8 28.Nd5 Rc6 29.Nc3 f5
30.Nb5 Bf8 31.Bh6 Be7 32.Be3 f4 33.Bf2 g5 34.a5 bxa5 35.Rxa5 h5 36.Rda1 g4
37.Qd5 Kg7 38.Ra7 Rxa7 39.Rxa7 Nc7 40.Qxc6 Qxc6 41.Rxc7 Qa8 42.Rxe7+ Kf6
43.Ra7 Qc6 44.Nc3 Kg5 45.Nd5 Qc8 46.Rg7+ Kh6 47.Ne7 Qe6 48.Rg6+ Qxg6 49.Nxg6 Kxg6
50.b4  1-0

[Event "Ch-AY Boys U16"]
[Site "Tehran IRI"]
[Date "2008.07.20"]
[Round "7"]
[White "Karayev,A"]
[Black "Adhiban,B"]
[Result "0-1"]
[WhiteElo "2261"]
[BlackElo "2422"]

1.e4 c5 2.Nf3 d6 3.Bb5+ Nd7 4.c3 Nf6 5.Qe2 a6 6.Ba4 c4 7.O-O e5 8.Bc2 Qc7
9.a4 d5 10.exd5 Nxd5 11.b3 cxb3 12.Bxb3 Nf4 13.Qe3 Bd6 14.Na3 O-O 15.Nc4 Nc5
16.Bc2 Nd5 17.Qg5 h6 18.Qg3 Nf4 19.Kh1 Ne2 20.Qh4 e4 21.Nxd6 exf3 22.Ne4 fxg2+
23.Kxg2 Bh3+ 24.Kh1 Bxf1 25.Ba3 Nxe4 26.Qxe4 f5 27.Qe6+ Rf7 28.Bb3 Bg2+  0-1

[Event "XIII Open"]
[Site "Balaguer ESP"]
[Date "2008.07.21"]
[Round "8"]
[White "Kasparova,T"]
[Black "Tsatsalashvili,K"]
[Result "1-0"]
[WhiteElo "2176"]
[BlackElo "2271"]

1.e4 c5 2.Nf3 d6 3.Bb5+ Nc6 4.Bxc6+ bxc6 5.e5 d5 6.O-O Bg4 7.h3 Bxf3 8.Qxf3 e6
9.d3 Ne7 10.Nd2 h5 11.Qe2 Nf5 12.Nf3 Be7 13.Be3 g5 14.Nh2 Qb8 15.Qd2 Rg8
16.Qe2 Qxe5 17.Qxh5 Rh8 18.Qe2 Nh4 19.b3 d4 20.Nf3 Nxf3+ 21.Qxf3 Rc8 22.Bd2 Rh7
23.Rfe1 Qg7 24.Rab1 Qf8 25.Qe2 Kd7 26.c3 Rh4 27.f3 Qg7 28.c4 Bd6 29.Qf2 Rch8
30.b4 Bc7 31.b5 Qg6 32.bxc6+ Kxc6 33.Rb3 R8h5 34.Qe2 Qf6 35.Rf1 Rh8 36.Ra3 Bb6
37.Be1 R4h5 38.Qe4+ Kd7 39.Bg3 Qd8 40.Qb7+ Ke8 41.Rb3 Qd7 42.Qxd7+ Kxd7 43.a4 Kc6
44.Rfb1 Rc8 45.Rb5 Rhh8 46.Re1 a6 47.Rb3 Ba5 48.Reb1 Bb4 49.a5 Bxa5 50.Ra3 Bb4
51.Rxa6+ Kb7 52.Rba1 Ra8 53.Rxa8 Rxa8 54.Rxa8 Kxa8 55.Be5 Kb7 56.g3 Kc6 57.h4 gxh4
58.gxh4 Bd2 59.h5 Bh6 60.Kg2 Kd7 61.Bf6 e5 62.Bxe5 Ke6 63.f4 Kf5 64.Kf3 Bf8
65.Bc7 f6 66.Bb8 Be7 67.Bc7 Bf8 68.Bd8 Bd6 69.h6 Kg6 70.h7 Kxh7 71.Bxf6 Kg6
72.Be5 Bf8 73.Ke4 Be7 74.f5+ Kg5 75.f6 Bf8 76.Kd5 Kg6 77.Ke6 Bh6 78.Bd6  1-0

[Event "ZMD Open"]
[Site "Dresden GER"]
[Date "2008.07.21"]
[Round "3"]
[White "Kovalev,An"]
[Black "Osmanovic,F"]
[Result "1-0"]
[WhiteElo "2550"]
[BlackElo "2132"]

1.e4 c5 2.Nf3 d6 3.Bb5+ Nc6 4.O-O Bd7 5.Re1 a6 6.Bxc6 bxc6 7.h3 e5 8.c3 Ne7
9.d4 cxd4 10.cxd4 Ng6 11.Nc3 Be7 12.dxe5 dxe5 13.Be3 Qa5 14.Qa4 Bb4 15.Qxa5 Bxa5
16.Red1 f5 17.exf5 Bxf5 18.Bc5 Bc7 19.Rd2 h6 20.Rad1 Rc8 21.Na4 Kf7 22.Bb6 Rhe8
23.Bxc7 Rxc7 24.Nc5 Bc8 25.Re1 Rce7 26.Rd6 Rc7 27.Re3 Ke7 28.Rxg6  1-0

[Event "Politiken Cup"]
[Site "Helsingor DEN"]
[Date "2008.07.21"]
[Round "4"]
[White "Malakhov,V"]
[Black "Evdokimov,Alexa"]
[Result "1-0"]
[WhiteElo "2689"]
[BlackElo "2555"]

1.e4 c5 2.Nf3 d6 3.Bb5+ Bd7 4.Bxd7+ Qxd7 5.c4 Nc6 6.Nc3 g6 7.d4 cxd4 8.Nxd4 Bg7
9.Be3 Nf6 10.h3 O-O 11.O-O Rac8 12.b3 Rfd8 13.Rc1 a6 14.a4 e6 15.Qf3 Ng4
16.Qxg4 Bxd4 17.Bxd4 Nxd4 18.Qd1 Nc6 19.Qd2 Qc7 20.Qe3 Qa5 21.Rfd1 Qc5 22.Qd3 Nb4
23.Qf3 Nc6 24.Rd2 Qb4 25.Rb2 Qa3 26.Rcb1 Qc5 27.Rd2 Rd7 28.Qg3 Qb4 29.Rd3 Rcd8
30.Kh1 Qc5 31.Rbd1 Qb4 32.Rb1 Qc5 33.Rd2 Qb4 34.Qe3 Qc5 35.Qg3 Qb4 36.Rdd1 Ne7
37.Rd3 Qc5 38.Rbd1 Nc6 39.f4 Nb4 40.R3d2 Qc6 41.f5 exf5 42.exf5 d5 43.Qe5 gxf5
44.cxd5 Qc5 45.Re1 Rd6 46.Re3 b5 47.Rg3+ Rg6 48.Rf3 bxa4 49.bxa4 Rdd6 50.Rxf5 Qc7
51.Ne4 Rd7 52.Nf6+ Rxf6 53.Qxc7  1-0